| 000 | 00592nam a2200181 i 4500 | ||
|---|---|---|---|
| 001 | 97359 | ||
| 003 | ES-MaACL | ||
| 005 | 20240521111715.0 | ||
| 007 | t| | ||
| 008 | 050711s1977 sp ||||1| spa d | ||
| 100 | 1 |
_aMarco, Joaquín, _d1935-2020 _976466 |
|
| 245 | 1 | 0 |
_aLiteratura popular en España en los siglos XVIII y XIX _b: (una aproximación a los pliegos de cordel) / _cJoaquín Marco. |
| 260 |
_aMadrid : _bTaurus, _c1977. |
||
| 300 |
_a2 v. ; _c21 cm. |
||
| 852 |
_aES-MaACL _jA-7399-400 _bR.96729 |
||
| 852 |
_aES-MaACL _jA-7411-2 _bR.96867 |
||
| 999 |
_c97359 _d97359 |
||